|
|
|
|
| LEADER |
01491nam a2200385 a 4500 |
| 001 |
EBC587867 |
| 003 |
MiAaPQ |
| 005 |
20200520144314.0 |
| 006 |
m o d | |
| 007 |
cr cn||||||||| |
| 008 |
100325s2010 enka s 001 0 eng d |
| 010 |
|
|
|z 2010010153
|
| 020 |
|
|
|z 9780566092428 (hbk. : alk. paper)
|
| 020 |
|
|
|a 9781409408734 (electronic bk.)
|
| 035 |
|
|
|a (MiAaPQ)EBC587867
|
| 035 |
|
|
|a (Au-PeEL)EBL587867
|
| 035 |
|
|
|a (CaPaEBR)ebr10417828
|
| 035 |
|
|
|a (CaONFJC)MIL278584
|
| 035 |
|
|
|a (OCoLC)679416620
|
| 040 |
|
|
|a MiAaPQ
|c MiAaPQ
|d MiAaPQ
|
| 050 |
|
4 |
|a HD61
|b .H3175 2010
|
| 082 |
0 |
4 |
|a 658.15/5
|2 22
|
| 100 |
1 |
|
|a Hancock, David,
|d 1960 Jan. 15-
|
| 245 |
1 |
0 |
|a Tame, messy and wicked risk leadership
|h [electronic resource] /
|c David Hancock.
|
| 260 |
|
|
|a Farnham :
|b Gower,
|c c2010.
|
| 300 |
|
|
|a xvi, 92 p. :
|b ill.
|
| 490 |
1 |
|
|a Advances in project management
|
| 500 |
|
|
|a Includes index.
|
| 505 |
0 |
|
|a pt. 1. The basis for current project risk methodologies -- pt. 2. The tame, messy and wicked model -- pt. 3. Strategies for wicked and messy environments.
|
| 533 |
|
|
|a Electronic reproduction. Ann Arbor, MI : ProQuest, 2015. Available via World Wide Web. Access may be limited to ProQuest affiliated libraries.
|
| 650 |
|
0 |
|a Risk management.
|
| 655 |
|
4 |
|a Electronic books.
|
| 710 |
2 |
|
|a ProQuest (Firm)
|
| 830 |
|
0 |
|a Advances in project management.
|
| 856 |
4 |
0 |
|u https://ebookcentral.proquest.com/lib/matrademy/detail.action?docID=587867
|z Click to View
|